| 000 | 00471nam a22001577a 4500 | ||
|---|---|---|---|
| 008 | 160328b xxu||||| |||| 00| 0 eng d | ||
| 082 |
_22012 _aDC 299.93 _bOk41 |
||
| 100 |
_94376 _aRyuho Okawa |
||
| 245 |
_aSuccess mind/ _cRyuho Okawa. |
||
| 250 | _aFirst Edition | ||
| 260 |
_aJapan: _bHappy Science; _cc2012. |
||
| 300 |
_a23 pages; _c18 cm. |
||
| 650 | 0 |
_94377 _aUnited church, religious science _xDoctrine |
|
| 650 | 0 |
_94378 _aSciences _xreligious aspect |
|
| 942 |
_2ddc _cDC |
||
| 999 |
_c1443 _d1443 |
||